[Event "Westland (SEMO/4/15)"]
[Site "?"]
[Date "1985.??.??"]
[Round "?"]
[White "Kulbacki, James"]
[Black "Gaba, H.."]
[Result "1-0"]
[WhiteElo "2025"]
[BlackElo "1825"]
[PlyCount "75"]
[EventDate "1985.??.??"]

{4/(15)} 1. d4 e6 2. Nf3 Nf6 3. c4 Be7 4. Nc3 a6 5. e4 Bb4 6. Bd3 d5 7. cxd5
exd5 8. e5 Ne4 9. Qc2 Bf5 10. O-O Bxc3 11. bxc3 O-O 12. Re1 Nc6 13. Ba3 Re8 14.
c4 Ng5 15. Nxg5 Bxd3 16. Qxd3 Qxg5 17. cxd5 Ne7 18. Qb3 Nf5 19. Rad1 Rad8 20.
Qxb7 Nh4 21. d6 cxd6 22. Bxd6 Nf5 23. Qc6 Rc8 24. Qxa6 Nh4 25. Qb7 Nf5 26. a4
Qg6 27. Bc5 Rcd8 28. a5 Qg5 29. a6 Nh4 30. a7 h6 31. Bd6 Qg4 32. Bb8 g6 33.
a8=Q Kg7 34. Qe4 Qg5 35. Rb1 Kh7 36. Qa7 Kg8 37. d5 Rxe5 38. Qxe5 1-0

[Event "East Detroit (MCO/6/13)"]
[Site "?"]
[Date "1985.??.??"]
[Round "?"]
[White "Kulbacki, James"]
[Black "Clark, K.."]
[Result "0-1"]
[WhiteElo "2055"]
[BlackElo "1905"]
[PlyCount "60"]
[EventDate "1985.??.??"]

{6/(13)} 1. d4 d5 2. Nf3 Nf6 3. c4 dxc4 4. e3 e6 5. Bxc4 c5 6. O-O Nc6 7. Qe2
Bd7 8. Nc3 Be7 9. Rd1 O-O 10. dxc5 Bxc5 11. e4 e5 12. Bg5 Nd4 13. Nxd4 exd4 14.
Nd5 Bg4 15. Nxf6+ gxf6 16. Qxg4 fxg5 17. h4 Qb6 18. Qxg5+ Kh8 19. Bd3 Rg8 20.
Qf5 Rg7 21. Rac1 Be7 22. h5 Rag8 23. g3 Bh4 24. Rc2 Qh6 25. Kf1 Bxg3 26. Rc8
Bd6 27. Rxg8+ Rxg8 28. e5 Be7 29. f4 Qg7 30. Ke1 Bb4+ 0-1

[Event "East Detroit (MCO/4/13)"]
[Site "?"]
[Date "1985.??.??"]
[Round "?"]
[White "Kulbacki, James"]
[Black "Burg, Dan"]
[Result "1/2-1/2"]
[WhiteElo "2055"]
[BlackElo "1850"]
[PlyCount "65"]
[EventDate "1985.??.??"]

{4/(13)} 1. d4 d5 2. Nf3 Nf6 3. c4 c6 4. Nc3 e6 5. cxd5 exd5 6. Bg5 Be7 7. e3
Bf5 8. Bd3 Bxd3 9. Qxd3 Nbd7 10. O-O-O O-O 11. h4 b5 12. Nh2 b4 13. Na4 Qa5 14.
b3 Nb6 15. Nxb6 axb6 16. Rd2 Rfc8 17. Ng4 Nxg4 18. Bxe7 c5 19. dxc5 bxc5 20.
Qxd5 c4 21. Qxa5 Rxa5 22. bxc4 Rxc4+ 23. Kb2 h6 24. Rc1 Rxa2+ 25. Kxa2 Rxc1 26.
e4 Rg1 27. f3 Ne5 28. Bxb4 Ng6 29. h5 Nf4 30. g4 Rf1 31. Rd8+ Kh7 32. Rd7 Kg8
33. Rd8+ 1/2-1/2

[Event "Westland (MEX/4)"]
[Site "?"]
[Date "1985.??.??"]
[Round "?"]
[White "Kulbacki, James"]
[Black "Baudry, Pascal"]
[Result "0-1"]
[WhiteElo "2035"]
[BlackElo "2030"]
[PlyCount "58"]
[EventDate "1985.??.??"]

1. d4 Nf6 2. c4 c5 3. d5 b5 4. cxb5 a6 5. bxa6 Bxa6 6. Nc3 g6 7. f4 d6 8. Nf3
Nbd7 9. e4 Bxf1 10. Rxf1 Bg7 11. e5 dxe5 12. fxe5 Ng4 13. e6 Nde5 14. h3 Nxf3+
15. Qxf3 Ne5 16. exf7+ Kd7 17. Qe4 c4 18. Bf4 Nd3+ 19. Ke2 Qb6 20. Qxc4 Nxf4+
21. Rxf4 Qxb2+ 22. Kd3 Rhc8 23. f8=N+ Ke8 24. Rb1 Rxc4 25. Rxb2 Rxf4 26. Ne6
Bxc3 27. Re2 Be5 28. Rxe5 Ra3+ 29. Kc2 Rf2+ 0-1

[Event "Westland (SEMO Res/3/41)"]
[Site "?"]
[Date "1985.??.??"]
[Round "?"]
[White "Krzyston, Joe"]
[Black "Luscumb, T.."]
[Result "1-0"]
[WhiteElo "1605"]
[BlackElo "1605"]
[PlyCount "107"]
[EventDate "1985.??.??"]

{3/(41)} 1. e4 c5 2. Bc4 e6 3. Nf3 d6 4. d4 Nd7 5. Nc3 a6 6. O-O b5 7. Bd3 c4
8. Be2 Bb7 9. Ng5 Be7 10. Nxe6 fxe6 11. Bh5+ g6 12. Bg4 e5 13. d5 Ngf6 14. Be6
Nc5 15. Re1 Bc8 16. Qf3 Bxe6 17. dxe6 Nxe6 18. Bh6 Nd4 19. Qd1 Qd7 20. Nd5 Nxd5
21. exd5 O-O-O 22. Bd2 Rdf8 23. c3 Nf5 24. a4 Nh4 25. Be3 Rf5 26. axb5 Qxb5 27.
Re2 e4 28. Bd4 Rxd5 29. Rxe4 Nf5 30. Qg4 Kb7 31. Bxh8 Qxb2 32. Rae1 Bd8 33. g3
Bb6 34. R4e2 Qa3 35. Qxc4 Rc5 36. Qf7+ Kc6 37. Ra2 Qxa2 38. Qxa2 Ra5 39. Qc4+
Bc5 40. Qf7 Nh6 41. Qxh7 Ng4 42. Re2 Ra1+ 43. Kg2 a5 44. Qxg6 Nxf2 45. c4 Rd1
46. Qe8+ Kb6 47. Qb5+ Kc7 48. Qxa5+ Bb6 49. Re7+ Kd8 50. Qg5 Ne4 51. Rh7+ Kc8
52. Qg8+ Bd8 53. Qg4+ Kb8 54. Qxd1 1-0

[Event "Westland (SEMO Res/4/34)"]
[Site "?"]
[Date "1985.??.??"]
[Round "?"]
[White "Krzyston, Joe"]
[Black "Griffin, John"]
[Result "0-1"]
[WhiteElo "1605"]
[BlackElo "1605"]
[PlyCount "76"]
[EventDate "1985.??.??"]

{4/(34)} 1. b3 Nf6 2. Nc3 c5 3. e4 d6 4. d4 cxd4 5. Qxd4 Nc6 6. Qd1 a6 7. Bc4
b5 8. Bd3 Bb7 9. Nf3 Ne5 10. Be2 Rc8 11. Bb2 Nxe4 12. Nd5 Bxd5 13. Qxd5 Nc3 14.
Bxc3 Rxc3 15. O-O e6 16. a4 exd5 17. axb5 axb5 18. Nd4 Be7 19. Bxb5+ Kf8 20. f4
Nc6 21. Nxc6 Rxc6 22. Bxc6 Qb6+ 23. Kh1 Qxc6 24. Ra7 f6 25. Re1 Qe8 26. b4 Qd8
27. h3 Kf7 28. f5 Re8 29. Rea1 Qc8 30. g4 Kf8 31. b5 Qxc2 32. b6 Qe4+ 33. Kh2
Rb8 34. b7 Qb4 35. R1a4 Qb2+ 36. Kg3 Rxb7 37. Ra8+ Kf7 38. Rc8 Qb3+ 0-1

[Event "Westland (SEMO Res/1a/16)"]
[Site "?"]
[Date "1985.??.??"]
[Round "?"]
[White "Krzyston, Joe"]
[Black "Duncan, Robert"]
[Result "0-1"]
[WhiteElo "1605"]
[BlackElo "1605"]
[PlyCount "90"]
[EventDate "1985.??.??"]

1. e4 g6 2. Bc4 Bg7 3. Nf3 b6 4. c3 d6 5. d4 c5 6. d5 Nd7 7. Nbd2 a6 8. Qc2 b5
9. Be2 c4 10. a4 Bb7 11. axb5 axb5 12. Rb1 Nb6 13. O-O Bc8 14. h3 f5 15. Ng5
fxe4 16. Qxe4 Nf6 17. Qf3 O-O 18. Qe3 Nfxd5 19. Qg3 e5 20. Nde4 Nf4 21. Qe3 d5
22. Rd1 Qc7 23. Bg4 Bxg4 24. hxg4 dxe4 25. Qxe4 Rae8 26. g3 Nd3 27. Be3 Nc5 28.
Qh1 h6 29. b4 cxb3 30. f3 hxg5 31. Bxg5 Ne6 32. Bh6 Qxc3 33. Rdc1 Qd4+ 34. Kh2
Qf2+ 35. Qg2 Qxg2+ 36. Kxg2 Bxh6 37. Rxb3 Bxc1 38. Rxb5 Nd7 39. Rd5 Nec5 40.
Rd6 Kg7 41. Kf2 e4 42. f4 e3+ 43. Ke2 Ne4 44. Rxd7+ Kg8 45. Rd1 Nc3+ 0-1

[Event "East Detroit (MCO/6/10)"]
[Site "?"]
[Date "1985.??.??"]
[Round "?"]
[White "Krevinko, S.."]
[Black "Thomas, C.."]
[Result "1/2-1/2"]
[WhiteElo "1940"]
[BlackElo "2075"]
[PlyCount "120"]
[EventDate "1985.??.??"]

{6/(10)} 1. e4 e6 2. d4 d5 3. Nc3 Bb4 4. e5 c5 5. a3 Bxc3+ 6. bxc3 Qc7 7. Nf3
Nc6 8. Be2 Bd7 9. O-O Rc8 10. Bd2 Na5 11. Rb1 a6 12. Re1 Ba4 13. dxc5 Qxc5 14.
Rb4 b5 15. Qc1 Ne7 16. Nd4 Nac6 17. Nxc6 Nxc6 18. Rg4 Kf8 19. Bd3 h5 20. Rf4
Ke8 21. Qb2 Nb8 22. h3 g5 23. Rb4 g4 24. hxg4 hxg4 25. Rxg4 Kd7 26. Re3 Rh5 27.
Rgg3 Rch8 28. Rh3 Rxh3 29. Rxh3 Rxh3 30. gxh3 Nc6 31. Be3 Qf8 32. c4 dxc4 33.
Bxc4 Qg7+ 34. Kf1 Qxe5 35. Qxe5 Nxe5 36. Bd3 Nxd3 37. cxd3 Bd1 38. Ke1 Bf3 39.
Kd2 Kc6 40. Kc3 a5 41. Kd4 f6 42. Bd2 Kb6 43. Ke3 Bh5 44. f4 a4 45. Bc3 f5 46.
Kd4 Kc6 47. Ke5 Kd7 48. Bb4 Be2 49. d4 Bf3 50. Kf6 Bg2 51. h4 Bf3 52. Kg6 Kc6
53. h5 Bxh5+ 54. Kxh5 Kd5 55. Bc5 b4 56. Bxb4 Kxd4 57. Kg5 e5 58. Kxf5 exf4 59.
Kxf4 Kd5 60. Ke3 Kc6 1/2-1/2

[Event "East Detroit (MCO/4/24)"]
[Site "?"]
[Date "1985.??.??"]
[Round "?"]
[White "Krevinko, S.."]
[Black "Accad, W.."]
[Result "1-0"]
[WhiteElo "1940"]
[BlackElo "1605"]
[PlyCount "97"]
[EventDate "1985.??.??"]

{4/(24)} 1. e4 e6 2. d4 d5 3. Nc3 Nf6 4. Bg5 Be7 5. e5 Nfd7 6. Bxe7 Qxe7 7. f4
a6 8. Nf3 c5 9. Qd2 Nc6 10. O-O-O b5 11. f5 h6 12. fxe6 fxe6 13. h4 O-O 14. Re1
Nb6 15. dxc5 Qxc5 16. Qd3 Bd7 17. Qg6 Ne7 18. Qg4 b4 19. Ne2 Nc4 20. Ned4 Nf5
21. Bd3 Rac8 22. Qg6 Qe7 23. Bxf5 exf5 24. Ng5 hxg5 25. hxg5 Nxe5 26. Qh5 Qd6
27. Qh7+ Kf7 28. Nxf5 Bxf5 29. Qxf5+ Kg8 30. Qh7+ Kf7 31. Rhf1+ Ke6 32. Qg6+
Kd7 33. Qxg7+ Kc6 34. Rxf8 Nd3+ 35. cxd3 Rxf8 36. Qh6 Kc7 37. Kb1 Rd8 38. g6
Qg3 39. Rc1+ Kb8 40. g7 Qxd3+ 41. Ka1 Qb5 42. Qf4+ Ka8 43. Qf7 Qe8 44. Rf1 Qc6
45. g8=Q Rxg8 46. Qxg8+ Kb7 47. Qf7+ Kc8 48. Qg8+ Kb7 49. Qg7+ 1-0

[Event "Ann Arbor (Masters/Experts Inv)"]
[Site "?"]
[Date "1985.??.??"]
[Round "?"]
[White "Koster, Ed"]
[Black "Arganian, David G"]
[Result "1/2-1/2"]
[WhiteElo "2100"]
[BlackElo "2125"]
[PlyCount "143"]
[EventDate "1985.??.??"]

1. e4 e6 2. d4 c5 3. Nf3 cxd4 4. Nxd4 a6 5. Bd3 Nc6 6. Nxc6 bxc6 7. O-O d5 8.
c4 Nf6 9. cxd5 cxd5 10. exd5 exd5 11. Nc3 Be7 12. Qa4+ Bd7 13. Qd4 Be6 14. b3
O-O 15. Bg5 Rb8 16. Bxa6 Rb4 17. Qd2 Qd6 18. Be2 h6 19. Bxf6 Bxf6 20. Rad1 Rd4
21. Qe3 Rxd1 22. Rxd1 Qc6 23. Nb5 Qc2 24. Qd2 Rc8 25. Kf1 Bg5 26. Qxc2 Rxc2 27.
a4 Kf8 28. Bf3 Bd2 29. Nc7 Rb2 30. Nxd5 Ba5 31. Rd3 Rb1+ 32. Bd1 Bf5 33. Rd4
Bc2 34. Ke2 Bxd1+ 35. Rxd1 Rxb3 36. Rc1 Rb2+ 37. Kf3 g6 38. Rc8+ Kg7 39. Rc5
Be1 40. Rb5 Rxf2+ 41. Ke4 Rxg2 42. h3 Ra2 43. Nb6 Bf2 44. a5 Ra3 45. Nc4 Rxh3
46. a6 f5+ 47. Ke5 h5 48. a7 Bxa7 49. Rb7+ Kh6 50. Rxa7 Kg5 51. Ra6 Rh1 52. Nd6
Re1+ 53. Kd4 Kf4 54. Nf7 Rd1+ 55. Kc3 Rd7 56. Ra4+ Kg3 57. Ne5 Rd6 58. Nf7 Rc6+
59. Kd4 h4 60. Ke5 f4 61. Ng5 Kg4 62. Ne4 f3 63. Nd2+ Kg3 64. Ra3 Rc5+ 65. Ke4
Rf5 66. Nf1+ Kf2 67. Nh2 Rg5 68. Kf4 Rf5+ 69. Kg4 Re5 70. Rxf3+ Kg2 71. Kxh4
Rh5+ 72. Kg4 1/2-1/2

[Event "East Detroit (MCO/6/34)"]
[Site "?"]
[Date "1985.??.??"]
[Round "?"]
[White "Koscierzynski, J.."]
[Black "Praedel, R.."]
[Result "0-1"]
[WhiteElo "1605"]
[BlackElo "1620"]
[PlyCount "76"]
[EventDate "1985.??.??"]

{6/(34)} 1. d4 Nf6 2. Nf3 d5 3. Bf4 Bg4 4. Nc3 c6 5. e3 e6 6. h3 Bxf3 7. Qxf3
Qb6 8. b3 Bb4 9. Kd1 Bxc3 10. Rb1 Nbd7 11. g4 e5 12. g5 Ne4 13. Bd3 Nd2 14. Qg3
Nxb1 15. Bxe5 Nxe5 16. Qxe5+ Kf8 17. Qf4 g6 18. h4 Bb4 19. h5 Nc3+ 20. Ke1 Ne4+
21. Kf1 Kg8 22. f3 Bd6 23. Qg4 Ng3+ 24. Kg2 Nxh1 25. Kxh1 Qc7 26. e4 dxe4 27.
fxe4 Qa5 28. e5 Bxe5 29. dxe5 Qxe5 30. Kg2 Rd8 31. Be2 gxh5 32. Qf3 Qxg5+ 33.
Kf1 Kf8 34. Bc4 f6 35. Bd3 Rg8 36. Qf2 c5 37. Ke2 b5 38. c4 Qe5+ 0-1

[Event "East Detroit (MCO/3/31)"]
[Site "?"]
[Date "1985.??.??"]
[Round "?"]
[White "Koscierzynski, J.."]
[Black "Ifill, Don"]
[Result "0-1"]
[WhiteElo "1605"]
[BlackElo "1810"]
[PlyCount "80"]
[EventDate "1985.??.??"]

{3/(31)} 1. d4 a6 2. Nc3 b6 3. e3 g6 4. Nh3 Bb7 5. d5 Bg7 6. Bd2 c6 7. Qf3 Nf6
8. Bc4 b5 9. Bb3 a5 10. a3 Na6 11. Ba2 b4 12. Na4 cxd5 13. axb4 axb4 14. Bb3
O-O 15. Rd1 e6 16. c3 Ne4 17. Bc2 Qc7 18. Bxe4 dxe4 19. Qg4 f5 20. Qh4 Nb8 21.
cxb4 Rxa4 22. Rc1 Qd8 23. Qg3 f4 24. exf4 Ba6 25. Qb3 Bb5 26. Rc5 Ra1+ 27. Bc1
Na6 28. Rc2 Ba4 29. Qc4 Qb6 30. O-O Nxb4 31. Be3 Rxf1+ 32. Kxf1 Qb8 33. Qxe4
Bxc2 34. Qc4 Bd3+ 35. Qxd3 Nxd3 36. g3 Qxb2 37. Ng1 Qb1+ 38. Kg2 Ne1+ 39. Kh3
h5 40. Ne2 Qf5+ 0-1

[Event "East Detroit (MCO/6/22)"]
[Site "?"]
[Date "1985.??.??"]
[Round "?"]
[White "Klinkner, J.."]
[Black "Ward, Tim"]
[Result "0-1"]
[WhiteElo "1605"]
[BlackElo "1880"]
[PlyCount "112"]
[EventDate "1985.??.??"]

{6/(22)} 1. e4 e6 2. d4 d5 3. Nc3 Nf6 4. e5 Nfd7 5. f4 c5 6. Be3 Nc6 7. Nf3
cxd4 8. Nxd4 a6 9. Be2 Nxd4 10. Bxd4 Bc5 11. O-O Qb6 12. Bxc5 Nxc5 13. Qd4 Na4
14. Qxb6 Nxb6 15. a4 Bd7 16. a5 Nc8 17. Na4 Bxa4 18. Rxa4 Ne7 19. Rb4 Ra7 20.
Ra1 O-O 21. c4 Rc8 22. cxd5 Nxd5 23. Rd4 Rc2 24. Bf3 Ra8 25. Bxd5 exd5 26. Rxd5
Rxb2 27. Rad1 Kf8 28. Rc5 Re8 29. f5 b6 30. axb6 Rxb6 31. g4 Rb5 32. Rdd5 Rxc5
33. Rxc5 Ra8 34. Ra5 Ke7 35. Kf2 Kd7 36. Ke3 Kc6 37. Ke4 Kb6 38. Ra1 a5 39. e6
fxe6 40. fxe6 Kc7 41. Ra4 Kd6 42. Kf5 Ke7 43. h4 Ra6 44. g5 g6+ 45. Kg4 Kxe6
46. h5 Ke5 47. hxg6 hxg6 48. Kh4 Kf5 49. Ra1 a4 50. Rf1+ Ke5 51. Re1+ Kd6 52.
Kg4 a3 53. Kf4 a2 54. Ra1 Kc5 55. Ke3 Kb4 56. Kd2 Kb3 0-1

[Event "East Detroit (MCO/3/50)"]
[Site "?"]
[Date "1985.??.??"]
[Round "?"]
[White "Klinkner, J.."]
[Black "Thornton, Ivan"]
[Result "1-0"]
[WhiteElo "1605"]
[BlackElo "1605"]
[PlyCount "41"]
[EventDate "1985.??.??"]

{3/(50)} 1. e4 e5 2. Nf3 Nc6 3. Bb5 Nf6 4. O-O Bc5 5. c3 Nxe4 6. d4 exd4 7.
Bxc6 dxc3 8. Bxe4 cxb2 9. Bxb2 O-O 10. Qc2 d6 11. Bxh7+ Kh8 12. Bf5 f6 13. Nbd2
Bxf5 14. Qxf5 c6 15. Nh4 Re8 16. Ne4 Qb6 17. Nxf6 Bxf2+ 18. Rxf2 Re1+ 19. Rxe1
gxf6 20. Qxf6+ Kg8 21. Qg7# 1-0

[Event "East Detroit (MCO/5/24)"]
[Site "?"]
[Date "1985.??.??"]
[Round "?"]
[White "Klinkner, J.."]
[Black "Selitsky, B.."]
[Result "1-0"]
[WhiteElo "1605"]
[BlackElo "1875"]
[PlyCount "78"]
[EventDate "1985.??.??"]

{5/(24)} 1. e4 c5 2. Nf3 Nc6 3. d4 cxd4 4. Nxd4 Nf6 5. Nc3 e5 6. Ndb5 d6 7. Bg5
a6 8. Bxf6 gxf6 9. Na3 b5 10. Nd5 f5 11. Bd3 Be6 12. Qd2 Bg7 13. O-O Rc8 14. c4
fxe4 15. Bxe4 bxc4 16. Nxc4 f5 17. Bc2 Nd4 18. Ba4+ Kf8 19. Nce3 Qg5 20. f4 Qh5
21. Bd1 Qe8 22. Rc1 e4 23. Nc7 Qe7 24. Nxe6+ Qxe6 25. Rxc8+ Qxc8 26. Nc2 Qc5
27. Kh1 Nxc2 28. Bxc2 Ke7 29. b4 Qc3 30. Qxc3 Bxc3 31. Rb1 Bd2 32. g3 Rc8 33.
Bd1 d5 34. Be2 Rc6 35. a4 d4 36. b5 axb5 37. axb5 Rb6 38. Bc4 d3 39. Ra1 Kd6
$138 1-0

[Event "East Detroit (MCO/1/18)"]
[Site "?"]
[Date "1985.??.??"]
[Round "?"]
[White "Klinkner, J.."]
[Black "Haluska, James"]
[Result "0-1"]
[WhiteElo "1605"]
[BlackElo "2035"]
[PlyCount "50"]
[EventDate "1985.??.??"]

{1/(18)} 1. e4 e5 2. Nf3 Nc6 3. Bb5 a6 4. Ba4 Nf6 5. O-O b5 6. Bb3 d6 7. Ng5 d5
8. exd5 Nd4 9. d6 Nxb3 10. dxc7 Qxc7 11. axb3 h6 12. Nf3 e4 13. Nd4 Ng4 14. g3
Qe5 15. Nf3 Qh5 16. Re1 Be7 17. Rxe4 Bb7 18. Re1 Qf5 19. Qe2 O-O 20. Nc3 Bxf3
21. Qxe7 Rfe8 22. Qxe8+ Rxe8 23. Rxe8+ Kh7 24. d3 Ne5 25. Bf4 Qh3 0-1

[Event "East Lansing (MI Op/1a/8)"]
[Site "?"]
[Date "1985.??.??"]
[Round "?"]
[White "Kitts, Gary"]
[Black "Stockham, James"]
[Result "1-0"]
[WhiteElo "2065"]
[BlackElo "1820"]
[PlyCount "41"]
[EventDate "1985.??.??"]

1. e4 c6 2. d4 d5 3. exd5 cxd5 4. c4 Nf6 5. Nc3 e6 6. Nf3 Bb4 7. Bg5 Bxc3+ 8.
bxc3 Qa5 9. Bd2 dxc4 10. Bxc4 O-O 11. Bd3 Nbd7 12. O-O Qc7 13. Qe2 b6 14. Ne5
Bb7 15. f4 Rfe8 16. Rae1 Rac8 17. Qf2 Nf8 18. Re3 N6d7 19. Qh4 Nxe5 20. fxe5
Qe7 21. Qh5 1-0

[Event "East Lansing (MI Op/4/1)"]
[Site "?"]
[Date "1985.??.??"]
[Round "?"]
[White "Kitts, Gary"]
[Black "Poschel, Paul"]
[Result "1-0"]
[WhiteElo "2065"]
[BlackElo "2320"]
[PlyCount "149"]
[EventDate "1985.??.??"]

{4/(1)} 1. e4 c5 2. Nc3 Nc6 3. g3 g6 4. Bg2 Bg7 5. f4 d6 6. d3 e6 7. Nf3 Nge7
8. Be3 Nd4 9. O-O O-O 10. Kh1 Rb8 11. Ne2 Nxf3 12. Bxf3 Bxb2 13. Rb1 Bg7 14. c4
b6 15. Qc2 Bb7 16. Rbd1 Rc8 17. Qb3 d5 18. Bg2 d4 19. Bd2 Qd7 20. Ng1 Bc6 21.
Rb1 f5 22. e5 Rb8 23. Qa3 Rb7 24. Rb2 Rfb8 25. Nf3 Kh8 26. Ng5 Bxg2+ 27. Kxg2
Kg8 28. Rfb1 h6 29. Nf3 Bf8 30. Qa6 Nc6 31. a4 Nb4 32. Bxb4 cxb4 33. Qb5 Bc5
34. Ra1 Qc8 35. Qa6 Kf7 36. Kf2 Rc7 37. Qxc8 Rcxc8 38. Nd2 Ke7 39. Nb3 Kd7 40.
Rba2 Kc6 41. Kf3 g5 42. h3 Rg8 43. Rg2 Rg7 44. Rag1 Rbg8 45. Kf2 a6 46. Kf3
gxf4 47. gxf4 Rxg2 48. Rxg2 Rxg2 49. Kxg2 b5 50. cxb5+ axb5 51. a5 Be7 52.
Nxd4+ Kb7 53. Nb3 Ka6 54. Kf3 Bd8 55. Ke2 Bxa5 56. Nc5+ Kb6 57. Nxe6 b3 58. Kd1
b2 59. Kc2 Bd2 60. Kxb2 Kc6 61. Kc2 Be3 62. d4 Kd5 63. Kd3 Bc1 64. Ng7 Bxf4 65.
Nxf5 b4 66. Ne3+ Ke6 67. Ke4 b3 68. d5+ Kd7 69. Nc4 Bc1 70. Kd3 b2 71. Kc2 h5
72. Nxb2 Bf4 73. e6+ Kd6 74. Nc4+ Kxd5 75. e7 1-0

[Event "Westland (MEX/3)"]
[Site "?"]
[Date "1985.??.??"]
[Round "?"]
[White "Kitts, Gary"]
[Black "Kulbacki, James"]
[Result "1-0"]
[WhiteElo "2065"]
[BlackElo "2035"]
[PlyCount "53"]
[EventDate "1985.??.??"]

1. e4 e6 2. d4 d5 3. Nc3 Nf6 4. Bg5 Be7 5. e5 Ne4 6. Bxe7 Nxc3 7. Qg4 Qxe7 8.
Qxg7 Qb4 9. Qxh8+ Kd7 10. bxc3 Qxc3+ 11. Ke2 Qxa1 12. Nf3 Nc6 13. Kd2 Qxa2 14.
Qxh7 Ke7 15. Qh4+ Ke8 16. Qh8+ Ke7 17. Qf6+ Ke8 18. Bd3 Qa3 19. h4 Qe7 20. h5
Qxf6 21. exf6 Kf8 22. h6 Kg8 23. h7+ Kh8 24. Ng5 Nd8 25. Bg6 a5 26. Bxf7 a4 27.
Be8 1-0

[Event "East Lansing (MI Op/3/4)"]
[Site "?"]
[Date "1985.??.??"]
[Round "?"]
[White "Kitts, Gary"]
[Black "Hahn, David"]
[Result "1-0"]
[WhiteElo "2065"]
[BlackElo "2125"]
[PlyCount "69"]
[EventDate "1985.??.??"]

{3/(4)} 1. e4 g6 2. d4 Bg7 3. f4 c5 4. Nf3 cxd4 5. Nxd4 Nc6 6. Nxc6 bxc6 7. Bc4
Nf6 8. Nc3 O-O 9. O-O Nxe4 10. Nxe4 d5 11. Bd3 dxe4 12. Bxe4 Qb6+ 13. Kh1 Ba6
14. Re1 Rad8 15. Qf3 Rd6 16. c3 Rfd8 17. f5 Bd3 18. fxg6 hxg6 19. Bxd3 Rxd3 20.
Qe2 e5 21. Be3 Qa6 22. a3 f5 23. h3 R8d7 24. Bd4 e4 25. Rad1 Bxd4 26. cxd4
R7xd4 27. Rxd3 Rxd3 28. Qf2 Qa5 29. Rc1 e3 30. Qg3 Kg7 31. Rxc6 Rd1+ 32. Kh2
Kf8 33. Rxg6 Qd5 34. Rf6+ Ke7 35. Qg7+ 1-0

[Event "Westland (SEMO/2/17)"]
[Site "?"]
[Date "1985.??.??"]
[Round "?"]
[White "Kitts, Gary"]
[Black "Comstock, Ron"]
[Result "1-0"]
[WhiteElo "2015"]
[BlackElo "1870"]
[PlyCount "55"]
[EventDate "1985.??.??"]

{2/(17)} 1. e4 c5 2. Nf3 e6 3. d4 cxd4 4. Nxd4 Nf6 5. Nc3 d6 6. Bg5 Be7 7. f4
h6 8. Bh4 Nxe4 9. Bxe7 Nxc3 10. Bxd8 Nxd1 11. Rxd1 Kxd8 12. Nb5 d5 13. c4 a6
14. Nc3 d4 15. Rxd4+ Ke7 16. Be2 Nc6 17. Rd2 Rd8 18. Rxd8 Kxd8 19. Kf2 b6 20.
Rd1+ Kc7 21. a3 Bb7 22. b4 Rd8 23. Rxd8 Kxd8 24. Bf3 Kc7 25. Ke3 Ne7 26. Bxb7
Kxb7 27. g4 Kc7 28. h3 1-0

[Event "East Lansing (MI Op/6/3)"]
[Site "?"]
[Date "1985.??.??"]
[Round "?"]
[White "Kitts, Gary"]
[Black "Avery, Robert W"]
[Result "1-0"]
[WhiteElo "2065"]
[BlackElo "2120"]
[PlyCount "47"]
[EventDate "1985.??.??"]

{6/(3)} 1. e4 e5 2. Nf3 Nc6 3. d4 exd4 4. c3 dxc3 5. Bc4 d6 6. Nxc3 Nf6 7. O-O
Be7 8. h3 O-O 9. Be3 Ne5 10. Nxe5 dxe5 11. Qe2 Bd7 12. Rad1 Qc8 13. f4 exf4 14.
Bxf4 Be6 15. e5 Ne8 16. Nd5 Bc5+ 17. Be3 Bxe3+ 18. Qxe3 Bxd5 19. Bxd5 c6 20.
Bc4 Nc7 21. Qb3 Ne6 22. Rxf7 Kxf7 23. Bxe6+ Qxe6 24. Rd7+ 1-0

[Event "East Detroit (MCO/3/54)"]
[Site "?"]
[Date "1985.??.??"]
[Round "?"]
[White "Khan, N.."]
[Black "Wilson, Vester"]
[Result "1-0"]
[WhiteElo "1605"]
[BlackElo "1605"]
[PlyCount "67"]
[EventDate "1985.??.??"]

{3/(54)} 1. d4 d5 2. Nc3 Nf6 3. Bf4 Bf5 4. Nf3 c6 5. e3 e6 6. Bd3 Bg6 7. O-O
Nbd7 8. Nh4 Bh5 9. Be2 h6 10. Bxh5 g5 11. Ng6 fxg6 12. Bxg6+ Ke7 13. Be5 Bg7
14. Bxf6+ Nxf6 15. f4 gxf4 16. Rxf4 Qb6 17. Na4 Qb4 18. c3 Qd6 19. Qf3 b6 20.
b4 e5 21. Rf5 e4 22. Qf4 h5 23. Rf1 Qxf4 24. R5xf4 h4 25. Re1 h3 26. g3 Rag8
27. Bf5 Rh5 28. g4 Nxg4 29. Bxg4 Bh6 30. Kh1 Rh4 31. Rf5 Rhxg4 32. Ref1 Bxe3
33. Rf7+ Ke6 34. R1f6# 1-0

[Event "East Detroit (MCO/6/26)"]
[Site "?"]
[Date "1985.??.??"]
[Round "?"]
[White "Khan, N.."]
[Black "Gaines, B.."]
[Result "1-0"]
[WhiteElo "1605"]
[BlackElo "1695"]
[PlyCount "105"]
[EventDate "1985.??.??"]

{6/(26)} 1. e4 Nf6 2. e5 Nd5 3. d4 d6 4. Nf3 g6 5. Bd2 Bg7 6. Nc3 dxe5 7. dxe5
Bg4 8. Be2 O-O 9. h3 Bxf3 10. Bxf3 e6 11. Nxd5 exd5 12. Bf4 c6 13. O-O Na6 14.
c3 Nc5 15. Re1 Qb6 16. Be3 a5 17. Qd4 Qxb2 18. Qxc5 Bxe5 19. Bd4 b6 20. Qxc6
Bxd4 21. cxd4 Rae8 22. Qxd5 Rd8 23. Qb3 Qxd4 24. Rad1 Qf6 25. Rxd8 Rxd8 26. Rb1
Rc8 27. Qb2 Rc3 28. Qxb6 Rc1+ 29. Kh2 Qe5+ 30. g3 Rc2 31. Qb8+ Qxb8 32. Rxb8+
Kg7 33. Kg2 Rxa2 34. Rb7 Rd2 35. Ra7 Rd6 36. Rxa5 h6 37. Rd5 Rxd5 38. Bxd5 Kf6
39. Kf3 Ke7 40. Ke4 f6 41. f4 Kd6 42. Bf7 f5+ 43. Kd4 g5 44. Bg6 Ke6 45. h4 Kf6
46. Bh7 g4 47. Kd5 h5 48. Kd6 Kf7 49. Bxf5 Kf6 50. Bd7 Kf7 51. Ke5 Ke7 52. Bxg4
hxg4 53. Kf5 1-0

[Event "East Detroit (MCO/6/33)"]
[Site "?"]
[Date "1985.??.??"]
[Round "?"]
[White "Keeley, G.."]
[Black "Stefanski, Mark"]
[Result "0-1"]
[WhiteElo "1605"]
[BlackElo "1630"]
[PlyCount "78"]
[EventDate "1985.??.??"]

{6/(33)} 1. e4 e6 2. d4 d5 3. Nc3 Bb4 4. e5 c5 5. a3 cxd4 6. Qg4 dxc3 7. axb4
cxb2 8. Bxb2 Kf8 9. Nf3 h5 10. Qf4 Ne7 11. Ng5 Nf5 12. Bd3 g6 13. O-O h4 14. h3
Rh5 15. Bc1 Qc7 16. g4 hxg3 17. fxg3 Qb6+ 18. Kg2 Rxg5 19. Qxg5 Qd4 20. Bxf5
gxf5 21. Qd8+ Kg7 22. Qf6+ Kf8 23. Bh6+ Ke8 24. Bg5 Qe4+ 25. Kg1 Qd4+ 26. Rf2
Qxa1+ 27. Kg2 Nc6 28. b5 Qxe5 29. bxc6 Qxf6 30. Bxf6 bxc6 31. h4 Kf8 32. Rf4
Kg8 33. g4 Bd7 34. h5 Kh7 35. g5 c5 36. Rf3 a5 37. Rb3 a4 38. Rb7 Be8 39. Kh3
d4 0-1

[Event "East Detroit (MCO/3/27)"]
[Site "?"]
[Date "1985.??.??"]
[Round "?"]
[White "Keeley, G.."]
[Black "Selitsky, B.."]
[Result "0-1"]
[WhiteElo "1605"]
[BlackElo "1875"]
[PlyCount "45"]
[EventDate "1985.??.??"]

{3/(27)} 1. e4 c5 2. Nf3 Nc6 3. d4 cxd4 4. Nxd4 Nf6 5. Nc3 e5 6. Ndb5 d6 7. Bg5
a6 8. Bxf6 gxf6 9. Na3 b5 10. Nd5 f5 11. Bd3 Be6 12. c3 Bg7 13. Qd2 Rc8 14. O-O
fxe4 15. Bxe4 f5 16. Bc2 O-O 17. f4 e4 18. Bb3 Kh8 19. Kh1 Rb8 20. Rad1 Rf7 21.
Rfe1 Bh6 22. Rf1 a5 23. Ne3 0-1

[Event "Westland (SEMO Res/2/41)"]
[Site "?"]
[Date "1985.??.??"]
[Round "?"]
[White "Keeley, G.."]
[Black "Krzyston, Joe"]
[Result "1-0"]
[WhiteElo "1605"]
[BlackElo "1605"]
[PlyCount "27"]
[EventDate "1985.??.??"]

{2/(41)} 1. e4 e6 2. d4 Nf6 3. Nc3 Bb4 4. a3 Ba5 5. b4 Bb6 6. Bg5 Nc6 7. Nf3
O-O 8. e5 h6 9. Bxf6 gxf6 10. Ne4 fxe5 11. dxe5 d6 12. Nf6+ Kh8 13. Qd3 Nxe5
14. Qh7# 1-0

[Event "East Detroit (MCO/1/44)"]
[Site "?"]
[Date "1985.??.??"]
[Round "?"]
[White "Keeley, G.."]
[Black "Gaines, B.."]
[Result "1-0"]
[WhiteElo "1605"]
[BlackElo "1695"]
[PlyCount "117"]
[EventDate "1985.??.??"]

{1/(44)} 1. e4 Nf6 2. Nc3 e5 3. Nf3 Nc6 4. d4 exd4 5. Nxd4 Bb4 6. Nxc6 bxc6 7.
Bd2 d6 8. Bd3 Bg4 9. f3 Be6 10. O-O O-O 11. a3 Bc5+ 12. Kh1 Nh5 13. Ne2 f5 14.
exf5 Bxf5 15. Bxf5 Rxf5 16. g4 Rd5 17. gxh5 Be3 18. Ng3 Rxd2 19. Qe1 Bf4 20.
Rf2 Qg5 21. Ne4 Re8 22. Nf6+ Qxf6 23. Qxe8+ Qf8 24. Qe6+ Kh8 25. Rxd2 Bxd2 26.
Rf1 Bf4 27. Re1 g6 28. hxg6 Be5 29. Rf1 c5 30. c3 a5 31. Qd7 hxg6 32. Qxc7 a4
33. Qc6 Qf4 34. Qe8+ Kg7 35. Qd7+ Kf8 36. Qh3 Kg7 37. Rg1 Qh6 38. Qxh6+ Kxh6
39. Rg4 d5 40. Rxa4 d4 41. cxd4 cxd4 42. Ra5 Bf6 43. Kg1 d3 44. Rd5 Bxb2 45.
Rxd3 Kg5 46. a4 Kf6 47. a5 Be5 48. a6 Bb8 49. Ra3 Ba7+ 50. Kg2 Ke6 51. Rb3 Kd6
52. h4 Kc6 53. Kg3 Bd4 54. Kg4 Bf2 55. Kg5 Kd5 56. Kxg6 Ke6 57. h5 Ke7 58. h6
Bd4 59. Rb7+ 1-0